General Knowledge - A-Z #2 - Statistics

General Stats
  • This quiz has been taken 23 times
  • The average score is 5 of 26
Answer Stats
Letter Hint Answer % Correct
G Which territory of Denmark makes up most of its land area? [for now, anyways] Greenland
83%
K Which martial arts movie directed by John G. Avildsen premiered in 1984? The ______ ___ Karate Kid
74%
I Which chemical element does _not_ in fact go directly from solid to gaseous state; but rather has a very narrow liquid state? Iodine
57%
W What type of blood cell is also called a leucocyte? White
57%
Z What name is given to an egg cell following fertilisation? Zygote
52%
E Which animated movie, released in 2021, was Disney's 60th animated feature film? Encanto
39%
J What name is given to two contrasting objects placed together for comic effect? Juxtaposition
35%
T Which African country shares its name with a lake of its? Togo
35%
P Which Thai feature film, premiered in 2005, was directed by Paul Spurrier? P
30%
C Which 1986 movie features John Cleese in the role of a school principal? Clockwise
9%
O What structures is a living cell made of? Organelles
9%
R In 2005, Nigel Medley was awarded with the longest duration ride on a mechanical what? Rodeo
9%
U What kind of noun lacks a plural? Uncountable
9%
B Which animal's remains were found at a Native American burial ground in Illinois? Bobcat
4%
H Which word is used to refer to two colours close to each other on the colour wheel? Harmonious
4%
S What kind of brush is made from a member of the weasel family with reddish-coloured hair? Sable
4%
A Which software framework of Microsoft saw its final release in 2013? ActiveX
0%
D What word refers to someone who speaks learnedly whilst eating? Deipnosophist
0%
F Which venomous snake of the West Indies is also called a lancehead? Fer-de-lance
0%
L Which grammatical formula is abbreviated as LIX? Laesbarhedsindex
0%
M Which company, which developed Shockwave flash, was acquired by Adobe in 2005? Macromedia
0%
N Which Japanese flute is played sideways and made of bamboo? Nokhan
0%
Q The first name of this Dickens character is Daniel. What is his last name? Quilp
0%
V What term is used to refer to an operating system emulated within the operating system of a physical computer? Virtual Machine
0%
X Before the Kuiper Belt Object named Eris was officially named, what nickname did its discoverers call it by? Xena
0%
Y Which is the only living marsupial where both males and females have a pouch? Yapok
0%
No matching quizzes found
Score Distribution
Percent of People with Each Score
Percentile by Number Answered
Your Score History
You have not taken this quiz